Name Every Major Dragon Ball Antagonist - Statistics

General Stats
  • This quiz has been taken 169 times
  • The average score is 7 of 11
Answer Stats
Hint Answer % Correct
Dragon Ball Z Anime Frieza
95%
Dragon Ball Z Anime Cell
92%
Dragon Ball Super Movie Broly
89%
Dragon Ball Z Anime Majin Buu
84%
Dragon Ball Super Anime/Dragon Ball Z Movie Beerus
80%
Dragon Ball Super Anime Zamasu/Goku Black
78%
Dragon Ball Super Anime Jiren
76%
Dragon Ball Super Anime Hit
51%
Dragon Ball Anime Demon King Piccolo
34%
Dragon Ball Anime Mercenary Tao
16%
Dragon Ball Anime Junior/Piccolo Junior
7%
No matching quizzes found
Score Distribution
Percent of People with Each Score
Percentile by Number Answered
Your Score History
You have not taken this quiz